| 000 | 00670nam a2200229 a 4500 | ||
|---|---|---|---|
| 001 | 74547 | ||
| 003 | BD-RjUL | ||
| 005 | 20211209082552.0 | ||
| 008 | 181023s1963 uk a|||| i||| 00| 0 eng d | ||
| 035 | _a(BD-RjUL)74765 | ||
| 040 |
_aBD-RjUL _beng _cBD-RjUL |
||
| 041 | _aeng | ||
| 082 |
_223 _a531.6 _bCHE 1963 |
||
| 100 | 1 |
_aChang, Sheldon S.L. _9224096 |
|
| 245 | 1 | 0 |
_aEnergy Conversion / _cSheldon S.L.Chang |
| 260 |
_aN.J. : _bPrentice-Hall , _c1963 |
||
| 300 |
_a237 p. : _bill ; _c23 |
||
| 490 | _aPrenticce-hall International series in Electrical Engineering | ||
| 500 | _aIncludes Index | ||
| 650 |
_aEnergy _9224094 |
||
| 942 |
_2ddc _cBK |
||
| 999 |
_c74547 _d74547 |
||